[Event "Sao Bento do Sul op 4th"]
[Site "Sao Bento do Sul"]
[Date "2020.11.01"]
[Round "5"]
[White "Liebl, Livia"]
[Black "Da Silva, Anderson Lemes"]
[Result "0-1"]
[WhiteElo "1543"]
[BlackElo "1883"]
[PlyCount "54"]
[EventDate "2020.10.31"]
[EventType "swiss"]
[EventRounds "6"]
[EventCountry "BRA"]
[SourceTitle "EXT 2022"]
[Source "ChessBase"]
[SourceDate "2021.10.06"]
[SourceVersion "1"]
[SourceVersionDate "2021.10.06"]
[SourceQuality "1"]

1. d4 Nf6 2. c4 e5 3. d5 Bc5 4. Bg5 Bxf2+ 5. Kxf2 Ng4+ 6. Ke1 Qxg5 7. Nf3 Qe3 8. Qd3 Qc1+ 9. Qd1 Qxb2 10. Nbd2 Ne3 11. Qc1 Qxa1 12. Qxa1 Nc2+ 13. Kd1 Nxa1 14. Nxe5 d6 15. Nd3 Bd7 16. Nb2 Na6 17. Nf3 Nb4 18. a3 Nbc2 19. e4 Ne3+ 20. Ke2 Nxf1 21. Rxf1 Nb3 22. h3 0-0 23. Nd3 Rae8 24. e5 dxe5 25. Nfxe5 f6 26. Kd1 fxe5 27. Rxf8+ Kxf8 0-1

[Event "Sao Bento do Sul op 4th"]
[Site "Sao Bento do Sul"]
[Date "2020.10.31"]
[Round "1"]
[White "Dos Santos, Lucas Aparecido"]
[Black "Liebl, Livia"]
[Result "1-0"]
[WhiteElo "2009"]
[BlackElo "1543"]
[PlyCount "101"]
[EventDate "2020.10.31"]
[EventType "swiss"]
[EventRounds "6"]
[EventCountry "BRA"]
[SourceTitle "EXT 2022"]
[Source "ChessBase"]
[SourceDate "2021.10.06"]
[SourceVersion "1"]
[SourceVersionDate "2021.10.06"]
[SourceQuality "1"]

1. e4 d5 2. exd5 Qxd5 3. d4 Nc6 4. Nf3 Bg4 5. Be2 Nf6 6. 0-0 a6 7. h3 Bxf3 8. Bxf3 Qd7 9. c3 0-0-0 10. Bf4 e6 11. Nd2 Bd6 12. Be3 e5 13. d5 Ne7 14. c4 Nf5 15. Bg5 h6 16. Bxf6 gxf6 17. Bg4 h5 18. Bxh5 Nd4 19. Rc1 Bb4 20. Ne4 Be7 21. Nxf6 Bxf6 22. Bg4 Nf5 23. Qf3 Kb8 24. Qxf5 Qxf5 25. Bxf5 Rdg8 26. Rc2 Rg5 27. Bg4 Be7 28. Bd7 f5 29. Kh2 e4 30. c5 Bf6 31. f4 exf3 32. Rxf3 Be5+ 33. Kg1 f4 34. Kf1 Rd8 35. Be6 Re8 36. Re2 c6 37. h4 Rh5 38. Re4 cxd5 39. Bxd5 Rxh4 40. Rb3 Rh7 41. c6 b5 42. a4 Ka7 43. axb5 axb5 44. Rxb5 Rh1+ 45. Ke2 Ra1 46. c7 Rc8 47. Rb7+ Ka6 48. Rxe5 Rc1 49. Re6+ Ka5 50. Rc6 Re8+ 51. Kf2 1-0

[Event "FISU World University"]
[Site "Tornelo INT"]
[Date "2020.10.26"]
[Round "3.36"]
[White "Hansamali, HM Samudrika"]
[Black "Liebl, Livia"]
[Result "0-1"]
[WhiteElo "1181"]
[BlackElo "1543"]
[PlyCount "70"]
[EventDate "2020.10.26"]
[EventType "team-swiss (rapid)"]
[EventRounds "9"]
[EventCountry "NET"]
[SourceTitle "CBM 199 Extra"]
[Source "ChessBase"]
[SourceDate "2021.01.31"]
[SourceVersion "1"]
[SourceVersionDate "2021.01.31"]
[SourceQuality "1"]
[WhiteTeam "Sri Lanka V"]
[BlackTeam "Brazil V"]
[WhiteTeamCountry "SRI"]
[BlackTeamCountry "BRA"]

1. d4 d5 2. c4 e6 3. Nc3 f5 4. Nf3 Nf6 5. Bg5 c6 6. cxd5 exd5 7. e3 Bd6 8. Bd3 0-0 9. Qc2 Qd7 10. 0-0 Ne4 11. Bf4 Qc7 12. Ne5 Nd7 13. Nxd7 Bxd7 14. Bg3 Bxg3 15. fxg3 Rae8 16. Rae1 Qd6 17. Na4 Rf6 18. Nc3 Rh6 19. Ne2 g5 20. a3 Qg6 21. Bxe4 fxe4 22. Nc3 Qh5 23. h3 Qg6 24. Qf2 Qg7 25. g4 Rh4 26. Ne2 h5 27. gxh5 Rxh5 28. Ng3 Rh8 29. Nf5 Bxf5 30. Qxf5 Rh6 31. Qg4 Rh4 32. Qe2 g4 33. Rf2 gxh3 34. Kf1 h2 35. g3 h1Q# 0-1

[Event "FISU World University"]
[Site "Tornelo INT"]
[Date "2020.10.26"]
[Round "2.28"]
[White "Liebl, Livia"]
[Black "Assuncao, Darlane Brito"]
[Result "0-1"]
[WhiteElo "1543"]
[BlackElo "1705"]
[PlyCount "100"]
[EventDate "2020.10.26"]
[EventType "team-swiss (rapid)"]
[EventRounds "9"]
[EventCountry "NET"]
[SourceTitle "CBM 199 Extra"]
[Source "ChessBase"]
[SourceDate "2021.01.31"]
[SourceVersion "1"]
[SourceVersionDate "2021.01.31"]
[SourceQuality "1"]
[WhiteTeam "Brazil V"]
[BlackTeam "Brazil III"]
[WhiteTeamCountry "BRA"]
[BlackTeamCountry "BRA"]

1. d4 Nf6 2. e3 g6 3. f4 Bg7 4. Nf3 0-0 5. Bd3 d6 6. e4 Nbd7 7. c3 c5 8. 0-0 Qc7 9. Qe2 e5 10. fxe5 dxe5 11. d5 Ne8 12. c4 Nd6 13. b3 f5 14. Bb2 Qd8 15. Nbd2 Qe7 16. Rab1 a6 17. Rfe1 f4 18. Qf2 g5 19. Rec1 Bf6 20. Ba3 g4 21. Ne1 Bh4 22. Qe2 Qg5 23. Nc2 f3 24. Qe3 Qg6 25. g3 Bg5 26. Qf2 h5 27. Nf1 Bxc1 28. Rxc1 b6 29. Nd2 a5 30. Bb2 a4 31. b4 Ba6 32. Ba3 Rac8 33. Ne3 Nf6 34. b5 Bb7 35. Nf5 Nxf5 36. exf5 Qg7 37. Ne4 Nxe4 38. Bxe4 Qf6 39. Bb2 Rcd8 40. Qc2 Ra8 41. Rd1 Rfd8 42. Rd3 Rd6 43. Ra3 Bc8 44. Rxa4 Rxa4 45. Qxa4 Bxf5 46. Bxf5 Qxf5 47. Qa8+ Kh7 48. Qa3 Qb1+ 49. Kf2 Qc2+ 50. Kg1 Qg2# 0-1

[Event "Santa Catarina-ch (Women)"]
[Site "Lages"]
[Date "2020.02.16"]
[Round "5"]
[White "Warginowski, Leticia"]
[Black "Liebl, Livia"]
[Result "0-1"]
[WhiteElo "1425"]
[BlackElo "1518"]
[PlyCount "96"]
[EventDate "2020.02.14"]
[EventType "swiss"]
[EventRounds "6"]
[EventCountry "BRA"]
[SourceTitle "CBM 195 Extra"]
[Source "ChessBase"]
[SourceDate "2020.05.31"]
[SourceVersion "1"]
[SourceVersionDate "2020.05.31"]
[SourceQuality "1"]

1. e4 d5 2. exd5 Qxd5 3. Nc3 Qd6 4. d4 Nf6 5. Nf3 Bg4 6. h3 Bh5 7. g4 Bg6 8. Ne5 a6 9. Bf4 Qd8 10. Bc4 e6 11. h4 Be4 12. Nxe4 Nxe4 13. Qf3 Nd6 14. Nxf7 Nxf7 15. Bxe6 Qf6 16. Bxf7+ Qxf7 17. Qxb7 Qxf4 18. Qxa8 c6 19. Kf1 Qf7 20. d5 Bc5 21. Re1+ Kd8 22. dxc6 Rf8 23. Rd1+ Ke8 24. Rd2 Qf4 25. c7 Qxc7 26. Qe4+ Be7 27. Qxh7 Qc4+ 28. Qd3 Qc6 29. Kg1 Rf3 30. Qd5 Rf4 31. Qh5+ g6 32. Qh8+ Rf8 33. Qd4 Qe6 34. Kg2 Nc6 35. Qe3 Qxg4+ 36. Qg3 Qe4+ 37. f3 Qf5 38. Re1 Qf6 39. c3 Kf7 40. Re4 Kg7 41. Rde2 Bd6 42. Qg4 Ne5 43. Rf4 Qxf4 44. Qxf4 Rxf4 45. Kg3 Rxf3+ 46. Kg2 Rf6 47. Re4 Nd3 48. Re2 Nf4+ 0-1